Statistics for Black Ops 4: Ancient Evil

Click here to take the quiz!

General Stats

  • This quiz has been taken 13 times
  • The average score is 18 of 36

Answer Stats

HintAnswer% Correct
Name the perk statue that is in the dark-side of Delphi?Odin
100%
Who is the winged steed?Pegasus
100%
How many cogs must you stop with your shield?4
89%
Who is the Oracle actually?Medusa
89%
How many bullets can you carry in a fully upgraded gauntlet?50
78%
The Demon Gauntlet is called the hand of?Charon
78%
What type of catalyst zombies must you kill in the 'Sceptor and Sundial' Step of the easter egg?Electric
78%
The Earth Gauntlet is called the hand of?Gaia
78%
Which perk statue must you return their belongings in the Easter Egg?Ra
78%
Starting Room?Temple Of Apollo
78%
What was the previous called map?IX
67%
The Wind Gauntlet is called the hand of?Ouranos
67%
What has happened to Alistair Rhodes? (hint: what has he turned into?)Stone
67%
Name the area where the Sentinel Artifact Located?Amphitheatre
56%
Missing Belonging 1Ankh
56%
What must you free to open Pack-a-Puch?Eagles
56%
Name the special type of buildable equipment?Pegasus Strike
56%
Who is our 'corrupted' antagonist known as the 'Zombie Warlord'?Perseus
56%
Which character is murdered and then resurrected to join the Order?Shaw
56%
Name of Shield?Apollo's Will
44%
The Light Gauntlet is called the hand of?Hemera
44%
Name the six-armed boss of the map?Gegenees
33%
What gauntlet must you use to shoot statues with blues eyes in the easter egg?Hand of Charon
33%
What gauntlet must you use to shoot the vines in the easter egg?Hand of Gaia
33%
Gymnasium Trap?Pool Trap
33%
How can you only kill Pegusus? (which weapon)Special Weapon
33%
What does Medusa seek to acquire ("open")?The Library
22%
Trap inside the snake?Venom Trap
22%
Give the name of the flame you must rekindle to initiate the easter egg?Apollo's Eternal Flame
11%
Name the second be-headed womenEuryale
11%
Where can the Ankh be located in the map?Intersection of Treasuries
11%
To what film where the Spartois (skeletons) in Ancient Evil a tribute to?Jason and The Argonauts
11%
What is the Oracle's Traditional Name?Pythia
11%
Missing Belonging 2Sceptor
11%
Name the first of the be-headed women?Stheno
11%
Name of Easter Egg song?Stormbound
11%

Score Distribution

Percentile by Number Answered

Percent of People with Each Score

Your Score History

You have not taken this quiz